[Event "IND-chB 51st"]
[Site "Bhopal"]
[Date "2013.10.15"]
[Round "4"]
[White "Koshy, Varugeese"]
[Black "Sharma, Dinesh Kumar"]
[Result "1/2-1/2"]
[WhiteElo "2245"]
[BlackElo "2390"]
[PlyCount "26"]
[EventDate "2013.10.12"]
[EventType "swiss"]
[EventRounds "13"]
[EventCountry "IND"]
[SourceTitle "EXT 2014"]
[Source "ChessBase"]
[SourceDate "2013.11.20"]
[SourceVersion "1"]
[SourceVersionDate "2013.11.20"]
[SourceQuality "1"]

1. c4 e6 2. Nf3 Nf6 3. Nc3 d5 4. e3 c6 5. d4 Nbd7 6. Bd3 dxc4 7. Bxc4 b5 8. Bb3 a6 9. a4 b4 10. Ne4 Bb7 11. 0-0 c5 12. Nxc5 Nxc5 13. dxc5 Bxc5 1/2-1/2

[Event "IND-ch Challengers 50th"]
[Site "Tirupati"]
[Date "2012.05.25"]
[Round "10.16"]
[White "Koshy, Varugeese"]
[Black "Narayanan, Sunilduth Lyna"]
[Result "1/2-1/2"]
[WhiteElo "2260"]
[BlackElo "2355"]
[PlyCount "53"]
[EventDate "2012.05.18"]
[EventType "swiss"]
[EventRounds "13"]
[EventCountry "IND"]
[SourceTitle "CBM 148 Extra"]
[Source "ChessBase"]
[SourceDate "2012.06.22"]
[SourceVersion "1"]
[SourceVersionDate "2012.06.22"]
[SourceQuality "1"]

1. c4 Nf6 2. Nc3 g6 3. g3 Bg7 4. Bg2 0-0 5. e4 d6 6. Nge2 e5 7. 0-0 c6 8. d4 exd4 9. Nxd4 Re8 10. h3 Qb6 11. Nde2 Na6 12. b3 Nc5 13. Be3 Qc7 14. Qc2 Qe7 15. f3 a5 16. Rad1 Be6 17. Qd2 Red8 18. Bh6 a4 19. Bxg7 Kxg7 20. Qb2 axb3 21. axb3 Qc7 22. Nd4 Qb6 23. Rf2 Qa7 24. Nxe6+ Nxe6 25. Kh2 Qa3 26. f4 Qxb2 27. Rxb2 1/2-1/2

[Event "New Delhi Parsvnath op 10th"]
[Site "New Delhi"]
[Date "2012.01.22"]
[Round "10"]
[White "Kunte, Abhijit"]
[Black "Koshy, Varugeese"]
[Result "1-0"]
[WhiteElo "2548"]
[BlackElo "2276"]
[PlyCount "139"]
[EventDate "2012.01.15"]
[EventType "swiss"]
[EventRounds "11"]
[EventCountry "IND"]
[SourceTitle "CBM 146 Extra"]
[Source "ChessBase"]
[SourceDate "2012.02.29"]
[SourceVersion "1"]
[SourceVersionDate "2012.02.29"]
[SourceQuality "1"]

1. d4 d6 2. Nf3 g6 3. g3 Bg7 4. Bg2 Nd7 5. 0-0 e5 6. c4 Ne7 7. Nc3 0-0 8. h3 h6 9. e4 exd4 10. Nxd4 Nc6 11. Nde2 Nc5 12. Be3 a5 13. Qc1 Nd3 14. Qd2 Nde5 15. Bxh6 Bxh3 16. Bxg7 Kxg7 17. Nd5 Qd7 18. f4 Bxg2 19. Kxg2 Ng4 20. f5 f6 21. Nef4 Rh8 22. Rh1 gxf5 23. Nxc7 Rae8 24. Nxe8+ Qxe8 25. Rxh8 Qxe4+ 26. Kh3 Kxh8 27. Qe2 Nce5 28. Re1 Qc6 29. b3 Kg7 30. Nd5 b5 31. Rf1 Qd7 32. Kg2 bxc4 33. bxc4 Kf7 34. Rf4 Ke6 35. Rf1 Qc6 36. Kh3 Qc8 37. Kg2 Qc6 38. Rb1 Qxc4 39. Nf4+ Kd7 40. Qxc4 Nxc4 41. Rc1 Nb6 42. Kf3 d5 43. Rb1 Kc6 44. Ke2 Na4 45. Kd3 Ne5+ 46. Kd4 Nf3+ 47. Ke3 Ng5 48. Ne2 Ne4 49. Rf1 Nd6 50. Rc1+ Nc5 51. Nd4+ Kb6 52. Rb1+ Ka6 53. Ne2 Ne6 54. Nf4 Nc4+ 55. Ke2 Nc5 56. Nxd5 Ne4 57. Kd3 Ne5+ 58. Kd4 Nd7 59. Rb3 a4 60. Rf3 Nd6 61. Ne3 Ne5 62. Rf1 Nb5+ 63. Kc5 Nd3+ 64. Kc4 Nb2+ 65. Kb4 a3 66. Rxf5 Nd3+ 67. Kc4 Nb2+ 68. Kc5 Nd3+ 69. Kd5 Nc1 70. Rxf6+ 1-0

[Event "New Delhi Parsvnath op 10th"]
[Site "New Delhi"]
[Date "2012.01.19"]
[Round "7"]
[White "Koshy, Varugeese"]
[Black "Sandeep, Chitkara"]
[Result "1/2-1/2"]
[WhiteElo "2276"]
[BlackElo "1943"]
[PlyCount "98"]
[EventDate "2012.01.15"]
[EventType "swiss"]
[EventRounds "11"]
[EventCountry "IND"]
[SourceTitle "CBM 146 Extra"]
[Source "ChessBase"]
[SourceDate "2012.02.29"]
[SourceVersion "1"]
[SourceVersionDate "2012.02.29"]
[SourceQuality "1"]

1. g3 Nf6 2. Bg2 d5 3. d3 e6 4. Nf3 Nbd7 5. 0-0 Be7 6. Nbd2 0-0 7. e4 c5 8. e5 Ng4 9. Re1 Qc7 10. Qe2 Nh6 11. Nf1 Nf5 12. h4 Nd4 13. Nxd4 cxd4 14. Bf4 Qb6 15. Reb1 Re8 16. Nh2 f6 17. Nf3 fxe5 18. Nxe5 Nxe5 19. Bxe5 Bd6 20. c3 dxc3 21. bxc3 Qc7 22. Re1 Bxe5 23. Qxe5 Qxe5 24. Rxe5 Bd7 25. c4 dxc4 26. dxc4 Rac8 27. Bxb7 Rxc4 28. Ra5 Rc7 29. Be4 Rb8 30. Kg2 Rb4 31. Kf3 Rc3+ 32. Kf4 Rcc4 33. f3 Bc6 34. Rxa7 Bxe4 35. fxe4 Rxe4+ 36. Kf3 Ra4 37. Rc7 Red4 38. Rb1 Ra3+ 39. Rb3 Rxb3+ 40. axb3 Rd3+ 41. Kf4 Rxb3 42. Re7 Rb4+ 43. Ke5 Rg4 44. Kxe6 Rg6+ 45. Kf5 Rxg3 46. Kf4 Rg1 47. h5 h6 48. Re5 g6 49. hxg6 Rxg6 1/2-1/2

[Event "Bhubaneswar op 3rd"]
[Site "Bhubaneswar"]
[Date "2011.05.31"]
[Round "5"]
[White "Rahman, Ziaur"]
[Black "Koshy, Varugeese"]
[Result "1-0"]
[WhiteElo "2534"]
[BlackElo "2320"]
[PlyCount "67"]
[EventDate "2011.05.28"]
[EventType "swiss"]
[EventRounds "11"]
[EventCountry "IND"]
[SourceTitle "CBM 142 Extra"]
[Source "ChessBase"]
[SourceDate "2011.06.27"]
[SourceVersion "1"]
[SourceVersionDate "2011.06.27"]
[SourceQuality "1"]

1. d4 d6 2. e4 Nf6 3. Nc3 e5 4. Nf3 Nbd7 5. Bc4 Be7 6. 0-0 0-0 7. a4 a6 8. a5 b5 9. axb6 cxb6 10. Re1 Bb7 11. Ba2 b5 12. Bg5 h6 13. Bxf6 Bxf6 14. Bd5 Qc7 15. Bxb7 Qxb7 16. Nd5 Rfe8 17. Qd3 Be7 18. c3 Bd8 19. Nd2 Nf6 20. Nb4 a5 21. Nc2 Bc7 22. d5 Rec8 23. Ne3 g6 24. Rf1 Bd8 25. Kh1 Nh5 26. Ng4 Kg7 27. g3 Qd7 28. h3 Bg5 29. f4 exf4 30. gxf4 Bh4 31. Nf3 Qd8 32. Rg1 Nxf4 33. Qd2 Bg5 34. h4 1-0

[Event "New Delhi Parsvnath op 9th"]
[Site "New Delhi"]
[Date "2011.01.10"]
[Round "5"]
[White "Koshy, Varugeese"]
[Black "Yogesh, Gautam"]
[Result "1-0"]
[WhiteElo "2309"]
[BlackElo "2028"]
[PlyCount "25"]
[EventDate "2011.01.08"]
[EventType "swiss"]
[EventRounds "11"]
[EventCountry "IND"]
[SourceTitle "CBM 140 Extra"]
[Source "ChessBase"]
[SourceDate "2011.03.01"]
[SourceVersion "1"]
[SourceVersionDate "2011.03.01"]
[SourceQuality "1"]

1. c4 e6 2. Nf3 d5 3. g3 Nf6 4. Bg2 Be7 5. b3 c5 6. e3 Nc6 7. 0-0 d4 8. exd4 cxd4 9. Re1 d3 10. Ba3 Nd4 11. Bxe7 Ne2+ 12. Qxe2 Kxe7 13. Qe3 1-0

[Event "New Delhi Parsvnath op 9th"]
[Site "New Delhi"]
[Date "2011.01.08"]
[Round "2"]
[White "Swapnil, S Dhopade"]
[Black "Koshy, Varugeese"]
[Result "1/2-1/2"]
[WhiteElo "2418"]
[BlackElo "2309"]
[PlyCount "84"]
[EventDate "2011.01.08"]
[EventType "swiss"]
[EventRounds "11"]
[EventCountry "IND"]
[SourceTitle "CBM 140 Extra"]
[Source "ChessBase"]
[SourceDate "2011.03.01"]
[SourceVersion "1"]
[SourceVersionDate "2011.03.01"]
[SourceQuality "1"]

1. d4 d6 2. c4 g6 3. Nc3 Bg7 4. e4 e5 5. Be3 exd4 6. Bxd4 Nf6 7. f3 Nc6 8. Be3 0-0 9. Bd3 Ne5 10. Nge2 c6 11. Nf4 Nxd3+ 12. Qxd3 Nd7 13. 0-0 Ne5 14. Qe2 Qe7 15. Rad1 f5 16. Kh1 Re8 17. Rfe1 Qf7 18. Rxd6 Nxc4 19. Rdd1 Nxe3 20. Qxe3 fxe4 21. Nxe4 Bf5 22. b3 Bh6 23. g3 Bxf4 24. Qxf4 Bxe4 25. Qxf7+ Kxf7 26. Rd7+ Re7 27. Rxe7+ Kxe7 28. Rxe4+ Kd6 29. Rh4 h5 30. Rd4+ Ke6 31. Kg2 Rf8 32. Re4+ Kd6 33. Rd4+ Ke6 34. Re4+ Kd6 35. g4 hxg4 36. fxg4 c5 37. h4 b5 38. h5 Kd5 39. Re1 gxh5 40. gxh5 Rh8 41. Rh1 c4 42. bxc4+ bxc4 1/2-1/2

[Event "IND-chB 48th"]
[Site "Bhiwani"]
[Date "2010.09.26"]
[Round "13"]
[White "Santu, Mondal"]
[Black "Koshy, Varugeese"]
[Result "1/2-1/2"]
[WhiteElo "2161"]
[BlackElo "2313"]
[PlyCount "66"]
[EventDate "2010.09.16"]
[EventType "swiss"]
[EventRounds "13"]
[EventCountry "IND"]
[SourceTitle "CBM 138 Extra"]
[Source "ChessBase"]
[SourceDate "2010.10.29"]
[SourceVersion "1"]
[SourceVersionDate "2010.10.29"]
[SourceQuality "1"]

1. d4 d6 2. c4 g6 3. Nc3 Bg7 4. e4 e5 5. d5 Nd7 6. g3 Bh6 7. Bxh6 Nxh6 8. Qd2 Ng8 9. Nge2 Kf8 10. Bg2 Kg7 11. f4 h5 12. 0-0-0 Nh6 13. Rdf1 a6 14. h3 h4 15. f5 Ng8 16. g4 f6 17. fxg6 Nf8 18. Rf2 Nxg6 19. Rhf1 Qe7 20. Nd1 Rh7 21. Ne3 Kh8 22. Bf3 Bd7 23. Nf5 Qd8 24. Rg1 N6e7 25. Rfg2 b5 26. Qe1 Bxf5 27. gxf5 Qf8 28. cxb5 axb5 29. Kb1 Ra4 30. Nc3 Ra5 31. Ne2 Ra4 32. Nc3 Ra5 33. Ne2 Ra4 1/2-1/2

[Event "IND-chB 48th"]
[Site "Bhiwani"]
[Date "2010.09.19"]
[Round "6"]
[White "Koshy, Varugeese"]
[Black "Vishnu, Prasanna V"]
[Result "0-1"]
[WhiteElo "2313"]
[BlackElo "2341"]
[PlyCount "59"]
[EventDate "2010.09.16"]
[EventType "swiss"]
[EventRounds "13"]
[EventCountry "IND"]
[SourceTitle "CBM 138 Extra"]
[Source "ChessBase"]
[SourceDate "2010.10.29"]
[SourceVersion "1"]
[SourceVersionDate "2010.10.29"]
[SourceQuality "1"]

1. c4 c6 2. b3 d5 3. Bb2 Nf6 4. g3 Bf5 5. Nf3 e6 6. Bg2 h6 7. 0-0 Nbd7 8. d3 Be7 9. Nbd2 0-0 10. a3 a5 11. Qc2 Bh7 12. Rfc1 Qb6 13. cxd5 exd5 14. Rf1 Rfe8 15. Rae1 Bc5 16. Qc3 Bf8 17. Qc2 Re7 18. e4 Rae8 19. exd5 cxd5 20. Rxe7 Rxe7 21. Qc3 Nc5 22. Ne5 Ne6 23. Qc1 Rc7 24. Qb1 Bc5 25. h3 Nh5 26. Bxd5 Nxg3 27. Ndc4 Qa6 28. Re1 Nf4 29. Bg2 Nfe2+ 30. Kh2 0-1

[Event "Bhubaneswar op 2nd"]
[Site "Bhubaneswar"]
[Date "2010.05.25"]
[Round "6"]
[White "Koshy, Varugeese"]
[Black "Deepan Chakkravarthy, J."]
[Result "1/2-1/2"]
[WhiteElo "2310"]
[BlackElo "2488"]
[PlyCount "70"]
[EventDate "2010.05.22"]
[EventType "swiss"]
[EventRounds "11"]
[EventCountry "IND"]
[SourceTitle "CBM 136 Extra"]
[Source "ChessBase"]
[SourceDate "2010.07.02"]
[SourceVersion "2"]
[SourceVersionDate "2010.07.15"]
[SourceQuality "1"]

1. c4 Nf6 2. g3 c6 3. Nf3 g6 4. b3 Bg7 5. Bb2 0-0 6. Bg2 d5 7. 0-0 Re8 8. d4 Nbd7 9. Nbd2 b6 10. Qc2 Bb7 11. e4 dxe4 12. Nxe4 c5 13. Nxf6+ Nxf6 14. Rad1 cxd4 15. Bxd4 Be4 16. Qe2 Qc7 17. Ne5 Bxg2 18. Kxg2 Rad8 19. Ba1 Rd6 20. b4 Red8 21. b5 e6 22. Nc6 Rxd1 23. Rxd1 Rxd1 24. Qxd1 Nd7 25. Bxg7 Kxg7 26. Qf3 Nc5 27. h4 h5 28. g4 hxg4 29. Qxg4 a5 30. h5 Qd6 31. hxg6 fxg6 32. Qg5 Ne4 33. Qe3 Nc5 34. Qg5 Ne4 35. Qe3 Nc5 1/2-1/2

[Event "Bhubaneswar op 2nd"]
[Site "Bhubaneswar"]
[Date "2010.05.24"]
[Round "5"]
[White "Venkatesh, Marani Rajendran"]
[Black "Koshy, Varugeese"]
[Result "0-1"]
[WhiteElo "2452"]
[BlackElo "2310"]
[PlyCount "114"]
[EventDate "2010.05.22"]
[EventType "swiss"]
[EventRounds "11"]
[EventCountry "IND"]
[SourceTitle "CBM 136 Extra"]
[Source "ChessBase"]
[SourceDate "2010.07.02"]
[SourceVersion "2"]
[SourceVersionDate "2010.07.15"]
[SourceQuality "1"]

1. e4 d6 2. d4 Nf6 3. Nc3 e5 4. Nf3 Nbd7 5. Bc4 Be7 6. 0-0 0-0 7. Re1 a6 8. a4 b6 9. b3 Bb7 10. Bb2 c6 11. Bd3 g6 12. Ne2 exd4 13. Ng3 c5 14. c3 dxc3 15. Bxc3 Qc7 16. Qd2 Ne5 17. Nxe5 dxe5 18. Bc4 Rfe8 19. Qb2 Bf8 20. Re3 Bg7 21. Rf1 Re7 22. f4 exf4 23. Ref3 b5 24. Bxf6 Bxf6 25. Qxf6 bxc4 26. Rxf4 Qe5 27. Qxe5 Rxe5 28. bxc4 Re7 29. Rb1 Rd8 30. Rg4 Kf8 31. Rg5 Rd2 32. Rxc5 f5 33. Re1 Ra2 34. a5 fxe4 35. Nf1 Kf7 36. Ne3 Ke6 37. h4 Kd6 38. Rg5 Re5 39. Rd1+ Ke6 40. Rb1 Rxg5 41. hxg5 Bc8 42. c5 Rxa5 43. Rb6+ Kd7 44. Rd6+ Ke8 45. Rd5 Be6 46. Re5 Kf7 47. Kf2 Rb5 48. Ke1 a5 49. Nc2 Bd7 50. Nd4 Rb4 51. Rd5 Bg4 52. Kd2 a4 53. Kc3 Rb1 54. c6 e3 55. Kd3 e2 56. Nc2 Rd1+ 57. Ke4 Bf5+ 0-1

[Event "Commonwealth-ch"]
[Site "New Delhi"]
[Date "2010.05.17"]
[Round "10"]
[White "Koshy, Varugeese"]
[Black "Pogorelov, Ruslan"]
[Result "1/2-1/2"]
[WhiteElo "2310"]
[BlackElo "2454"]
[PlyCount "114"]
[EventDate "2010.05.10"]
[EventType "swiss"]
[EventRounds "11"]
[EventCountry "IND"]
[SourceTitle "CBM 136 Extra"]
[Source "ChessBase"]
[SourceDate "2010.07.02"]
[SourceVersion "2"]
[SourceVersionDate "2010.07.15"]
[SourceQuality "1"]

1. c4 Nf6 2. g3 e6 3. Bg2 d5 4. Nf3 dxc4 5. Qa4+ c6 6. Qxc4 b5 7. Qb3 Bb7 8. 0-0 Nbd7 9. d4 Qb6 10. Nc3 a5 11. Be3 a4 12. Qc2 Nd5 13. Nxd5 cxd5 14. Ne5 Rc8 15. Nxd7 Kxd7 16. Qd3 b4 17. Rfc1 Qa6 18. Qxa6 Bxa6 19. Rxc8 Kxc8 20. Bf1 Bd6 21. b3 Kd7 22. Bd2 Ra8 23. Rb1 axb3 24. axb3 Bb7 25. e3 Ra2 26. Bc1 e5 27. Bb2 e4 28. h4 f5 29. Be2 h6 30. Kf1 g5 31. hxg5 hxg5 32. Ke1 Ke6 33. Kd1 f4 34. gxf4 gxf4 35. exf4 Bxf4 36. Bc1 Kf5 37. Bxf4 Kxf4 38. Rc1 Ba6 39. Bxa6 Rxa6 40. Rc8 Ra1+ 41. Ke2 Ra2+ 42. Ke1 Ra1+ 43. Ke2 Ra2+ 44. Ke1 e3 45. Rf8+ Ke4 46. Re8+ Kxd4 47. Rxe3 Rc2 48. Rg3 Kc5 49. Rh3 Rb2 50. f4 Kd4 51. f5 Ke5 52. Rf3 Kf6 53. Rd3 Kxf5 54. Rxd5+ Ke4 55. Rd8 Rxb3 56. Kd2 Rc3 57. Rd7 Rc4 1/2-1/2

[Event "Commonwealth-ch"]
[Site "New Delhi"]
[Date "2010.05.13"]
[Round "6"]
[White "Koshy, Varugeese"]
[Black "Pratyusha, Bodda"]
[Result "1-0"]
[WhiteElo "2310"]
[BlackElo "1977"]
[PlyCount "97"]
[EventDate "2010.05.10"]
[EventType "swiss"]
[EventRounds "11"]
[EventCountry "IND"]
[SourceTitle "CBM 136 Extra"]
[Source "ChessBase"]
[SourceDate "2010.07.02"]
[SourceVersion "2"]
[SourceVersionDate "2010.07.15"]
[SourceQuality "1"]

1. g3 Nf6 2. Bg2 d5 3. d3 c6 4. Nd2 Bg4 5. h3 Bc8 6. Ngf3 Nbd7 7. e4 dxe4 8. dxe4 e5 9. 0-0 Bc5 10. Nh4 g6 11. Nc4 Qe7 12. Bh6 Nh5 13. Qf3 Qe6 14. Ne3 Qf6 15. Qe2 Nb6 16. Nf3 Be6 17. Rfd1 Rg8 18. Ng5 Bd7 19. c3 Qe7 20. b4 Bxe3 21. Qxe3 f6 22. Nf3 g5 23. h4 Nc4 24. Qe2 Be6 25. Nxg5 fxg5 26. Qxh5+ Bf7 27. Qf3 gxh4 28. Bh3 Nd6 29. Kh2 Rg6 30. Be3 hxg3+ 31. fxg3 Be6 32. Bxe6 Qxe6 33. Rd2 Nc4 34. Rd3 Nxe3 35. Rxe3 0-0-0 36. Qf5 Rd2+ 37. Kh3 Kd7 38. a4 Rf2 39. Rd1+ Ke7 40. Qxe6+ Rxe6 41. a5 Kf6 42. Rd7 Re7 43. Rd6+ Kg5 44. a6 bxa6 45. Rxc6 Rd7 46. Re6 Rdd2 47. Rxe5+ Kg6 48. Kg4 Rd6 49. Rg5+ 1-0

[Event "Chennai op 2nd"]
[Site "Chennai"]
[Date "2010.02.03"]
[Round "11"]
[White "Koshy, Varugeese"]
[Black "Venkatesh, Marani Rajendran"]
[Result "0-1"]
[WhiteElo "2281"]
[BlackElo "2432"]
[PlyCount "36"]
[EventDate "2010.01.25"]
[EventType "swiss"]
[EventRounds "11"]
[EventCountry "IND"]
[SourceTitle "CBM 134 Extra"]
[Source "ChessBase"]
[SourceDate "2010.03.03"]
[SourceVersion "1"]
[SourceVersionDate "2010.03.03"]
[SourceQuality "1"]

1. c4 e5 2. Nc3 d6 3. g3 g6 4. Bg2 Bg7 5. e4 Ne7 6. Nge2 0-0 7. 0-0 Nd7 8. d3 h6 9. Be3 f5 10. f4 Nf6 11. h3 a6 12. Qd2 Kh7 13. Kh2 Rb8 14. a4 b6 15. a5 bxa5 16. Rxa5 Qe8 17. fxe5 dxe5 18. Rxe5 Nxe4 0-1

[Event "Chennai op 2nd"]
[Site "Chennai"]
[Date "2010.02.01"]
[Round "9"]
[White "Koshy, Varugeese"]
[Black "Roy Chowdhury, Saptarshi"]
[Result "1/2-1/2"]
[WhiteElo "2281"]
[BlackElo "2413"]
[PlyCount "56"]
[EventDate "2010.01.25"]
[EventType "swiss"]
[EventRounds "11"]
[EventCountry "IND"]
[SourceTitle "CBM 134 Extra"]
[Source "ChessBase"]
[SourceDate "2010.03.03"]
[SourceVersion "1"]
[SourceVersionDate "2010.03.03"]
[SourceQuality "1"]

1. c4 b6 2. Nc3 Bb7 3. e4 c5 4. Nf3 Nc6 5. d4 cxd4 6. Nxd4 g6 7. Be2 Bg7 8. Be3 Nf6 9. 0-0 0-0 10. f3 Qb8 11. Qd2 Rd8 12. Ndb5 d6 13. Nd5 Ne8 14. Nd4 Rd7 15. Nxc6 Bxc6 16. Bd4 e6 17. Bxg7 Kxg7 18. Qc3+ Kg8 19. Nf6+ Nxf6 20. Qxf6 Qf8 21. Bd3 Qg7 22. Qxg7+ Kxg7 23. Rac1 f5 24. g3 Kf6 25. Kf2 fxe4 26. fxe4 Ke5 27. Ke3 Rc8 28. Rc2 Rdc7 1/2-1/2

[Event "Chennai op 2nd"]
[Site "Chennai"]
[Date "2010.01.28"]
[Round "5"]
[White "Koshy, Varugeese"]
[Black "Negi, VS."]
[Result "1-0"]
[WhiteElo "2281"]
[BlackElo "2078"]
[PlyCount "63"]
[EventDate "2010.01.25"]
[EventType "swiss"]
[EventRounds "11"]
[EventCountry "IND"]
[SourceTitle "CBM 134 Extra"]
[Source "ChessBase"]
[SourceDate "2010.03.03"]
[SourceVersion "1"]
[SourceVersionDate "2010.03.03"]
[SourceQuality "1"]

1. c4 c6 2. e4 d6 3. Nc3 g6 4. d4 Bg7 5. Be2 Nd7 6. Nf3 Qc7 7. 0-0 Ngf6 8. Re1 0-0 9. b3 c5 10. Bf1 Qa5 11. Bd2 cxd4 12. Nxd4 a6 13. Rc1 e6 14. Be3 Qc7 15. f3 Re8 16. Qd2 b6 17. Red1 Bb7 18. b4 Bf8 19. a3 Rac8 20. Nb3 Qb8 21. Kh1 h5 22. Qf2 Bc6 23. a4 Ba8 24. Rb1 Ne5 25. c5 Bb7 26. Rdc1 d5 27. exd5 exd5 28. Bd4 Bh6 29. Re1 Bg7 30. cxb6 Kh7 31. Nc5 Bf8 32. Nxb7 1-0

[Event "New Delhi Parsvnath op 8th"]
[Site "New Delhi"]
[Date "2010.01.17"]
[Round "6"]
[White "Koshy, Varugeese"]
[Black "Zubarev, Alexander2222"]
[Result "1-0"]
[WhiteElo "2281"]
[BlackElo "2544"]
[PlyCount "39"]
[EventDate "2010.01.14"]
[EventType "swiss"]
[EventRounds "11"]
[EventCountry "IND"]
[SourceTitle "CBM 134 Extra"]
[Source "ChessBase"]
[SourceDate "2010.03.03"]
[SourceVersion "1"]
[SourceVersionDate "2010.03.03"]
[SourceQuality "1"]

1. c4 c6 2. Nf3 d5 3. e3 Nf6 4. Nc3 e6 5. d4 a6 6. cxd5 exd5 7. Bd3 Bd6 8. Ne5 0-0 9. 0-0 c5 10. f4 Nc6 11. e4 dxe4 12. Nxc6 bxc6 13. Nxe4 cxd4 14. Nxf6+ Qxf6 15. Qc2 c5 16. Bxh7+ Kh8 17. Bd3 Bb7 18. Qe2 Qh6 19. Qg4 g6 20. Qd7 1-0

[Event "IND-chA"]
[Site "Mumbai"]
[Date "2009.12.14"]
[Round "13"]
[White "Koshy, Varugeese"]
[Black "Ramnathan, Balasubramaniam"]
[Result "1/2-1/2"]
[WhiteElo "2280"]
[BlackElo "2277"]
[PlyCount "60"]
[EventDate "2009.12.01"]
[EventType "swiss"]
[EventRounds "13"]
[EventCountry "IND"]
[SourceTitle "CBM 133 Extra"]
[Source "ChessBase"]
[SourceDate "2010.01.05"]
[SourceVersion "1"]
[SourceVersionDate "2010.01.05"]
[SourceQuality "1"]

1. e4 e5 2. Nf3 Nc6 3. Bb5 a6 4. Ba4 Nf6 5. 0-0 Be7 6. Re1 b5 7. Bb3 d6 8. c3 0-0 9. d4 Bb7 10. Nbd2 Re8 11. h3 Bf8 12. Bc2 h6 13. Nf1 g6 14. d5 Nb8 15. b3 Nbd7 16. a4 c6 17. c4 b4 18. Be3 c5 19. N3d2 a5 20. Ng3 Bg7 21. h4 Nf8 22. h5 Kh7 23. Qe2 Qc7 24. Bd1 Bc8 25. Qd3 Bd7 26. Be2 Qc8 27. hxg6+ fxg6 28. f3 Qc7 29. Ndf1 Qd8 30. Nh2 Qe7 1/2-1/2

[Event "IND-chA"]
[Site "Mumbai"]
[Date "2009.12.12"]
[Round "11"]
[White "Koshy, Varugeese"]
[Black "Shyam, Sundar M"]
[Result "1/2-1/2"]
[WhiteElo "2280"]
[BlackElo "2401"]
[PlyCount "61"]
[EventDate "2009.12.01"]
[EventType "swiss"]
[EventRounds "13"]
[EventCountry "IND"]
[SourceTitle "CBM 133 Extra"]
[Source "ChessBase"]
[SourceDate "2010.01.05"]
[SourceVersion "1"]
[SourceVersionDate "2010.01.05"]
[SourceQuality "1"]

1. c4 b6 2. Nc3 e6 3. e4 Bb7 4. Nf3 Bb4 5. Bd3 Ne7 6. 0-0 0-0 7. Bc2 f5 8. Qe2 Ng6 9. exf5 exf5 10. d4 Nh4 11. Nxh4 Qxh4 12. Nd5 Bd6 13. f4 Nc6 14. Be3 Rae8 15. Qf2 Qd8 16. Rae1 Na5 17. b3 Bxd5 18. cxd5 Bb4 19. Bd2 Bxd2 20. Qxd2 Nb7 21. Re5 Nd6 22. Rfe1 Nf7 23. Rxe8 Rxe8 24. Bxf5 Rxe1+ 25. Qxe1 g6 26. Bd3 Kg7 27. Qe4 Qf6 28. g3 Kf8 29. h4 a5 30. Kg2 Qd6 31. h5 1/2-1/2

[Event "IND-chA"]
[Site "Mumbai"]
[Date "2009.12.07"]
[Round "7"]
[White "Koshy, Varugeese"]
[Black "Matta, Vinay Kumar"]
[Result "1/2-1/2"]
[WhiteElo "2280"]
[BlackElo "2292"]
[PlyCount "61"]
[EventDate "2009.12.01"]
[EventType "swiss"]
[EventRounds "13"]
[EventCountry "IND"]
[SourceTitle "CBM 133 Extra"]
[Source "ChessBase"]
[SourceDate "2010.01.05"]
[SourceVersion "1"]
[SourceVersionDate "2010.01.05"]
[SourceQuality "1"]

1. c4 Nf6 2. g3 g6 3. Bg2 Bg7 4. e4 d6 5. Ne2 0-0 6. 0-0 c5 7. Nbc3 Nc6 8. d3 a6 9. h3 Rb8 10. a4 Ne8 11. Be3 Nc7 12. d4 cxd4 13. Nxd4 Ne6 14. Nde2 Nc5 15. Rb1 Nb4 16. b3 Bd7 17. Qd2 b5 18. axb5 axb5 19. Nxb5 Bxb5 20. Qxb4 Bc6 21. Qa3 Bxe4 22. Bxe4 Nxe4 23. b4 Qc8 24. Qd3 Nf6 25. Kh2 Nd7 26. f4 Ra8 27. Rf2 Ra4 28. Nd4 Qb7 29. Nb5 Rfa8 30. Bd4 Bxd4 31. Qxd4 1/2-1/2

[Event "IND-chA"]
[Site "Mumbai"]
[Date "2009.12.06"]
[Round "6"]
[White "Padmini, Rout"]
[Black "Koshy, Varugeese"]
[Result "0-1"]
[WhiteElo "2333"]
[BlackElo "2280"]
[PlyCount "154"]
[EventDate "2009.12.01"]
[EventType "swiss"]
[EventRounds "13"]
[EventCountry "IND"]
[SourceTitle "CBM 133 Extra"]
[Source "ChessBase"]
[SourceDate "2010.01.05"]
[SourceVersion "1"]
[SourceVersionDate "2010.01.05"]
[SourceQuality "1"]

1. e4 d6 2. d4 Nf6 3. Nc3 e5 4. Nf3 Nbd7 5. Bc4 Be7 6. 0-0 0-0 7. Re1 a6 8. a4 b6 9. Ba2 Bb7 10. h3 b5 11. d5 b4 12. Nb1 Nc5 13. c3 a5 14. Qc2 c6 15. c4 Rc8 16. Nbd2 Kh8 17. dxc6 Bxc6 18. b3 Qd7 19. Nh2 Bd8 20. Nhf1 Bb6 21. Bb2 Qb7 22. Ng3 Rcd8 23. Rad1 h5 24. Bb1 Kg8 25. Kh2 Ne6 26. f3 g6 27. Ndf1 Nd4 28. Bxd4 Bxd4 29. Ne3 Qa7 30. Qc1 Nh7 31. Rd3 h4 32. Ne2 Bc5 33. Nd5 Bxd5 34. Rxd5 Qe7 35. Qh6 Qg5 36. Qxg5 Nxg5 37. f4 Ne6 38. f5 Nc7 39. Rd3 Kg7 40. g4 hxg3+ 41. Nxg3 Ne8 42. Rf1 Nf6 43. Bc2 Rh8 44. Kg2 g5 45. Bd1 Rh4 46. Bf3 Rdh8 47. Rh1 Kf8 48. Rdd1 Ke7 49. Bg4 Be3 50. Rd3 Bf4 51. Rhd1 R8h6 52. c5 dxc5 53. Rd8 Bxg3 54. Kxg3 Nxe4+ 55. Kf3 Nf6 56. Rc8 Nxg4 57. hxg4 Rh3+ 58. Ke4 R6h4 59. Rxc5 Rxg4+ 60. Kxe5 Re3+ 61. Kd5 Rf4 62. Kc6 Rc3 63. Rxc3 bxc3 64. Rc1 Rxf5 65. Rxc3 Kf6 66. b4 axb4 67. Rb3 g4 68. Kb6 Rf3 69. Rxb4 Kg5 70. a5 g3 71. Rb1 Ra3 72. a6 f5 73. Rd1 f4 74. a7 g2 75. Kb7 f3 76. Rd8 Rxa7+ 77. Kxa7 g1Q+ 0-1

[Event "IND-chA"]
[Site "Mumbai"]
[Date "2009.12.05"]
[Round "5"]
[White "Koshy, Varugeese"]
[Black "Babu, N Sudhakar"]
[Result "1/2-1/2"]
[WhiteElo "2280"]
[BlackElo "2335"]
[PlyCount "60"]
[EventDate "2009.12.01"]
[EventType "swiss"]
[EventRounds "13"]
[EventCountry "IND"]
[SourceTitle "CBM 133 Extra"]
[Source "ChessBase"]
[SourceDate "2010.01.05"]
[SourceVersion "1"]
[SourceVersionDate "2010.01.05"]
[SourceQuality "1"]

1. c4 e6 2. g3 d5 3. Bg2 Nf6 4. Nf3 Be7 5. d4 0-0 6. 0-0 c6 7. Nbd2 b6 8. Qc2 Bb7 9. e4 Nbd7 10. b3 Rc8 11. Bb2 Qc7 12. Rac1 dxe4 13. Nxe4 c5 14. Nxf6+ Bxf6 15. dxc5 Qxc5 16. Bxf6 Nxf6 17. Qe2 Rfd8 18. Rcd1 Qc7 19. Ne5 Bxg2 20. Kxg2 h6 21. f4 Rxd1 22. Rxd1 Rd8 23. h3 Kf8 24. Rxd8+ Qxd8 25. Qd3 Qxd3 26. Nxd3 Nd7 27. Kf3 f6 28. Ke4 Ke7 29. Kd4 Kd6 30. h4 h5 1/2-1/2